Normal view MARC view
  • Gupta.P.

Entry Personal Name

Number of records used in: 1

001 - CONTROL NUMBER

  • control field: 4358

003 - CONTROL NUMBER IDENTIFIER

  • control field: OSt

005 - DATE AND TIME OF LATEST TRANSACTION

  • control field: 20171107121807.0

008 - FIXED-LENGTH DATA ELEMENTS

  • fixed length control field: 171107|| aca||aabn | a|a d

040 ## - CATALOGING SOURCE

  • Original cataloging agency: OSt
  • Transcribing agency: OSt

100 ## - HEADING--PERSONAL NAME

  • Personal name: Gupta.P.

670 ## - SOURCE DATA FOUND

  • Source citation: Work cat.: (OSt): Gupta.P., Mathematics-Xi, 2009

Powered by Koha